000
00299nam a22001337a 4500
008
170503b xxu||||| |||| 00| 0 eng d
020
_a
9780558160395
041
_a
eng
080
_a
343.9
100
_a
13
101
_a
SHJ
245
_a
CRIMINAL JUSTICE TODAY
_c
SCHMALLEGER.F
942
_2
udc
_c
BK
999
_c
12521
_d
12521